000
00320nam a2200133Ia 4500
008
190216s9999||||xx |||||||||||||| ||und||
100
_a
Edward M. Purcell
245
0
_a
Electricity And Magnetism
250
_a
3rd Ed.
260
_b
Tata Mcgrawhill Publishers
_c
1965
300
_a
457
650
_a
Physics
942
_c
BK
999
_c
32809
_d
32809